| 000 | 01766 a2200205 4500 | ||
|---|---|---|---|
| 001 | 39476 | ||
| 005 | 20260407155653.0 | ||
| 008 | 260407a1988 arg spa d | ||
| 003 | AR-UNSa-BCEJYS | ||
| 040 |
_aAR-UNSa-BCEJYS _bspa _cAR-UNSa-BCEJYS |
||
| 080 |
_a658.011.56 _xAutomatización |
||
| 245 | 1 | 0 | _aSistemas de información y gestión para la administración local |
| 020 | _a84-7088-469-7 | ||
| 264 | 1 |
_aMadrid : _bInstituto Nacional de Administración Pública (INAP) _c1988 |
|
| 300 |
_a400 p. _c21 cm. |
||
| 505 | _a1. La administración local desde la perspectiva del tratamiento de la información.Modelo de funcionamiento y descripción de los sistemas de información - 2. La administración local como organización.Principales sistemas de información y forma de gestión - 3. Gestión de personal - 4. Gestión prespuestaria - 5. Gestión de recursos físicos: intendencia y patrimonio - 6. Gestión de recursos e indicadores de resultados - 7. Gestión diaria: documentos, expedientes, circuitos y automatización integral de oficinas - 8. El entorno sobre el que actúa la administración: Unidades básicas de información y relaciones entre las mismas - 9. Áreas de tratamiento de la información para la gestión de la ciudad - 10. El sistema de información territorial - 11. Estándares de información y sistemas de uso general - 12. Sistemas de información para la gestión de la infraestructura urbana - 15. Sistemas para la planificación y la programación de las actividades municipales. El conocimiento y la intervención sobre la ciudad - 17. Consecuencias de la tecnificación y la modernización .Incidencia sobre la estructura | ||
| 942 | _cBK | ||
| 590 | _aniveau_biblio:m niveau_hierar:0 | ||
| 100 | 1 | _aForn I Foxa, Manuel de | |
| 999 |
_c3054 _d3054 |
||